| 000 | 00879nam a22002177a 4500 | ||
|---|---|---|---|
| 999 |
_c1736 _d1736 |
||
| 003 | AR-CdUCM | ||
| 008 | 190227b ||||| |||| 00| 0 spa d | ||
| 020 | _a987431365X | ||
| 040 |
_aMUNICIPALIDAD PROVINCIAL DEL CUSCO _cBIBLIOTECA MUNICIPAL DEL CUSCO |
||
| 082 |
_a333.91 / _bF39 |
||
| 100 |
_aFernández Cirelli, Alicia _96389 |
||
| 245 |
_aAprovechamiento y gestión de recursos hídricos : _bprograma Iberoamericano de Ciencia y Tecnología para el desarrollo CYTED / |
||
| 260 |
_aArgentina : _bImpr. Saxon Impresores, _c1997. |
||
| 300 |
_a78 páginas ; _c19 cm. |
||
| 505 | _aContenido: Panorama Regional -- Potabilización de aguas -- Vulnerabilidad de acuiferos -- Humedales -- Eutroficación de lagos y embalses. | ||
| 650 |
_aHidrología _96390 |
||
| 650 |
_aCuentas Hidrográficas _96391 |
||
| 650 |
_aLatinoamérica _94398 |
||
| 942 |
_2ddc _cLIBROS |
||
| 945 | _aachl | ||